Особливості апеляційного провадження в порядку судового контролю в кримінальному процесі України (Запис № 571516)
[ простий вигляд ]
| 000 -Лідер | |
|---|---|
| fixed length control field | 03308nam a22002417a 4500 |
| 003 - Ідентифікатор контрольного номера | |
| control field | UA-OsUOA |
| 005 - Дата та час останнього входження (трансакції) | |
| control field | 20211005130032.0 |
| 008 - Елементи даних фіксованої довжини – загальна інформація | |
| fixed length control field | 211005b un ||||| |||| 00| 0 ukr d |
| 040 ## - Джерело каталогізації | |
| Агенція оригінальної каталогізації | UA-OsUOA |
| Мова каталогізації | ukr |
| Агенція, яка здійснювала перезапис | UA-OsUOA |
| Агенція, яка здійснювала модифікацію | UA-OsUOA |
| 041 ## - Код мови | |
| Код мови тексту/ звукової доріжки чи окремого заголовка (П) | ukr |
| 080 ## - Індекс Універсальної десяткової класифікації | |
| Індекс Універсальної десяткової класифікації (УДК) (НП) | 343.156 |
| 090 ## - Локальний шифр розміщення | |
| Класифікаційний індекс УДК | 343.156 |
| 095 ## - Код спеціальності для авторефератів | |
| Код спеціальності | 12.00.09 |
| Назва спеціальності | кримінальний процес та криміналістика ; судова експертиза ; оперативно-розшукова діяльність |
| 100 ## - Основне введення – ім’я особи | |
| Ім’я особи (НП) | Кулянда М. І. |
| 245 ## - Відомості про назву | |
| Назва (НП) | Особливості апеляційного провадження в порядку судового контролю в кримінальному процесі України |
| Дані про відповідальність (НП) | Кулянда Мирослава Іванівна ; наук. керівник Костицький Василь Васильович |
| 260 ## - Публікація, розповсюдження і т.п. (Вихідні дані) | |
| Місце публікації, розповсюдження і т.п. (П) | Львів |
| Дата публікації, розповсюдження і т.п. (П) | 2021 |
| 300 ## - Фізичний опис | |
| Обсяг | 20 с. |
| 502 ## - Примітка про дисертацію | |
| Зв'язок | Автореферат дисертації на здобуття наукового ступеня кандидата юридичних наук<br/> |
| Наймення інституції, що представляється | Національний університет "Львівська політехніка" |
| Рік отримання вченого ступеня | 2021 |
| 520 ## - Резюме і т.п. | |
| Резюме, реферат, анотація, тощо (НП) | У дисертації вперше у вітчизняній науці кримінального процесуального права комплексно досліджено актуальні проблеми сучасної апеляційної перевірки судових рішень, прийнятих на досудових стадіях кримінального провадження, відповідно до новітнього кримінального процесуального законодавства України.<br/>У процесі роботи розкрито поняття, зміст і значення апеляційного провадження; досліджено історичні аспекти становлення та розвитку апеляційного провадження в Україні; проведено порівняльний аналіз понять «апеляційне провадження» та «апеляційна перевірка»; охарактеризовано апеляційну перевірку судових рішень, пов’язаних із застосуванням заходів процесуального примусу, що обмежують права та особисту свободу громадян; висвітлено процесуальний порядок апеляційної перевірки судових рішень, пов’язаних із досудовим розслідуванням кримінального провадження; подано загальну психологічну характеристику апеляційного провадження в порядку судового контролю; окреслено психологічний зміст діяльності учасників апеляційного провадження в порядку судового контролю. |
| 650 ## - Додаткове предметне введення – тематичний термін | |
| Джерело заголовка чи терміна | UDC |
| Тематичний термін чи географічна назва, як елемент введення (НП) | 343 Кримінальне право. Карні порушення |
| 942 ## - Додаткові елементи входу (Коха) | |
| Source of classification or shelving scheme | Universal Decimal Classification |
| Тип елемента Koha | Автореферат |
| 955 ## - Код типу видання за змістом | |
| Код типу видання за змістом (НП) | Наукові видання |
Немає доступних примірників.